[Event "Open Pacific Ocean"]
[Site "SchemingMind.com"]
[Date "2011.09.18"]
[Round "-"]
[White "assegai"]
[Black "flammablepawn"]
[Result "0-1"]
[WhiteCountry "ENG"]
[BlackCountry "USA"]
[WhiteElo "1790"]
[WhiteRD "65"]
[BlackElo "1933"]
[BlackRD "66"]
[GameID "293276"]

1. e4 e6 2. d4 d5 3. Nc3 Nf6 4. Bg5 dxe4 5. f3 exf3 6. Nxf3 Be7 7. Bd3 O-O 8. O-O h6 9. Bd2 Nc6 10. Qe2 Nxd4
11. Nxd4 Qxd4+ 12. Kh1 b6 13. Rf4 Qd8 14. Rd1 Bb7 15. Be1 Bd6 16. Rf1 Qe7 17. Bh4 g5 18. Be1 Bf4 19. a3 Rad8 20. b4 c5
21. bxc5 Qxc5 22. a4 Kg7 23. Bf2 Qxc3 24. Be3 Bxe3 25. Qxe3 Qc6 26. Qf3 Qxf3 27. gxf3 Rd4 28. Bb5 Rxd1
0-1

[Event "Open Pacific Ocean"]
[Site "SchemingMind.com"]
[Date "2011.09.19"]
[Round "-"]
[White "loco61"]
[Black "assegai"]
[Result "0-1"]
[WhiteCountry "ENG"]
[BlackCountry "ENG"]
[WhiteElo "1657"]
[WhiteRD "67"]
[BlackElo "1790"]
[BlackRD "65"]
[GameID "293277"]

1. e4 c5 2. Nf3 Nc6 3. Bc4 e6 4. c3 d5 5. exd5 exd5 6. Bb5 Bd6 7. Bxc6+ bxc6 8. d3 Nf6 9. Bg5 O-O 10. Nbd2 Re8+
11. Kf1 h6 12. Bh4 Be7 13. g3 g5 14. Bxg5 hxg5 15. Nxg5 Bg4 16. Ndf3 d4 17. h3 Bh5 18. g4 Bg6 19. Qd2 Kg7 20. c4 Rh8
21. h4 Nxg4 22. Re1 Bxg5 23. Qxg5 Qxg5 24. Nxg5 Bxd3+ 25. Kg2 Bxc4 26. Kg3 f5 27. Ne6+ Bxe6 28. Rxe6 Rhc8 29. h5 Nh6 30. Rhe1 Rc7
31. R1e5 c4 32. Rc5 Rac8 33. Rxc4 c5 34. Rd6 Rf8 35. Rd5 Rfc8 36. Kf4 Kf6 37. Rd6+ Kg7 38. Rg6+ Kh7 39. Kg5 Rg7 40. Rxg7+ Kxg7
41. Rc1 Rc6 42. Kf4 Kf6 43. Rc4 Ng4 44. b4 Ne5 45. Rc2 Nd3+ 46. Kg3 Nxb4 47. Re2 Kg5 48. a3 Nd3 49. Re7 c4 50. Rd7 c3
51. Rxd4 c2 52. f4+ Kxh5
0-1

[Event "Open Pacific Ocean"]
[Site "SchemingMind.com"]
[Date "2011.09.20"]
[Round "-"]
[White "Manuel Angel"]
[Black "assegai"]
[Result "0-1"]
[WhiteCountry "ESP"]
[BlackCountry "ENG"]
[WhiteElo "2017"]
[WhiteRD "82"]
[BlackElo "1790"]
[BlackRD "65"]
[GameID "293278"]

1. e4 e5 2. f4 exf4 3. Nf3 g5 4. h4 g4 5. Ne5 d6 6. Nxg4 Be7 7. Nf2 Bxh4 8. d4 Bxf2+ 9. Kxf2 Nf6 10. Nc3 Ng4+
11. Kg1 c6 12. Bxf4 Qf6 13. Qd2 Nd7 14. Be2 Nb6 15. d5 cxd5 16. Rf1 Qe6 17. exd5 Qg6 18. Bxg4 Bxg4 19. Rh6 Qg7
0-1

[Event "Open Pacific Ocean"]
[Site "SchemingMind.com"]
[Date "2011.09.19"]
[Round "-"]
[White "Aadsje"]
[Black "assegai"]
[Result "1-0"]
[WhiteCountry "NED"]
[BlackCountry "ENG"]
[WhiteElo "2106"]
[WhiteRD "55"]
[BlackElo "1731"]
[BlackRD "66"]
[GameID "293279"]

1. d4 Nf6 2. c4 g6 3. Nc3 Bg7 4. e4 d6 5. Nf3 O-O 6. Be2 e5 7. dxe5 dxe5 8. Qxd8 Rxd8 9. Bg5 Nbd7 10. O-O-O Rf8
11. Be3 c6 12. Ne1 Re8 13. Kb1 h6 14. h4 a5 15. Nd3 b6 16. g4 Ba6 17. b3 b5 18. cxb5 cxb5 19. g5 hxg5 20. hxg5 Nh7
21. Nd5 Rac8 22. b4 a4 23. Bg4 Red8 24. Ne7+ Kh8 25. Nxc8 Bxc8 26. Nc5 Kg8 27. Bxd7
1-0

[Event "Open Pacific Ocean"]
[Site "SchemingMind.com"]
[Date "2011.09.23"]
[Round "-"]
[White "emvarela"]
[Black "assegai"]
[Result "0-1"]
[WhiteCountry "ARG"]
[BlackCountry "ENG"]
[WhiteElo "1787"]
[WhiteRD "47"]
[BlackElo "1858"]
[BlackRD "64"]
[GameID "293280"]

1. e4 e6 2. d4 d5 3. Nc3 Nf6 4. e5 Nfd7 5. f4 c5 6. dxc5 Nc6 7. Nf3 a6 8. Be3 Nxc5 9. Bxc5 Bxc5 10. Bd3 O-O
11. Bxh7+ Kh8 12. Ng5 g6 13. Qg4 Kg7 14. Bxg6 fxg6 15. Nxe6+ Bxe6 16. Qxe6 Rxf4 17. O-O-O d4 18. Rhf1 Rxf1 19. Rxf1 Qg5+ 20. Kb1 Qxg2
21. Rf7+ Kh6 22. Nd1 d3 23. cxd3 Nd8
0-1

[Event "Open Pacific Ocean"]
[Site "SchemingMind.com"]
[Date "2011.09.19"]
[Round "-"]
[White "otsenrechess"]
[Black "assegai"]
[Result "0-1"]
[WhiteCountry "HUN"]
[BlackCountry "ENG"]
[WhiteElo "1823"]
[WhiteRD "45"]
[BlackElo "1909"]
[BlackRD "73"]
[GameID "293281"]

1. d3 e5 2. Nf3 Nc6 3. c4 g6 4. g3 Bg7 5. Bg2 d6 6. Nc3 Nge7 7. O-O O-O 8. Rb1 Bd7 9. b4 Qc8 10. b5 Nd8
11. Nd5 Nxd5 12. cxd5 a6 13. b6 c5 14. Nd2 f5 15. Nc4 Nf7 16. Bd2 Re8 17. e4 h6 18. Bc3 Kh7 19. Qe2 Bb5 20. exf5 Qxf5
21. Be4 Qd7 22. Qh5 Nh8 23. h4 Rf8 24. Qe2 Kg8 25. Kh2 Rad8 26. a3 Rf7 27. h5 g5 28. Ra1 Rdf8 29. Kg2 Rf6 30. Rab1 Qe8
31. Ne3 Bd7 32. Bd2 Qf7 33. Be1 Qe8 34. Ng4 R6f7 35. Rh1 Qc8 36. f3 Qd8 37. Ne3 Rf6 38. Bd2 Nf7 39. Rh2 Be8 40. Ng4 Qd7
41. Bc3 Rf5 42. Rhh1 Nd8 43. Bxf5 Rxf5 44. Ne3 Rf8 45. Rbf1 Qf7 46. Rh2 Bd7 47. Kg1 Kh8 48. Qa2 Bb5 49. Qc2 Rg8 50. a4 Bd7
51. Qa2 Qe8 52. a5 Rf8 53. Qc4 Rf6 54. Qe4 Rf7 55. Rff2 Qf8 56. Nc4 Bf5 57. Qe2 Bd7 58. Rf1 Rf6
0-1

[Event "Open Pacific Ocean"]
[Site "SchemingMind.com"]
[Date "2011.09.19"]
[Round "-"]
[White "flammablepawn"]
[Black "assegai"]
[Result "1-0"]
[WhiteCountry "USA"]
[BlackCountry "ENG"]
[WhiteElo "1933"]
[WhiteRD "66"]
[BlackElo "1790"]
[BlackRD "65"]
[GameID "293282"]

1. b4 Nf6 2. Bb2 e6 3. b5 d5 4. Nf3 Nbd7 5. e3 Bd6 6. Be2 O-O 7. O-O Re8 8. d3 c5 9. c4 b6 10. Nbd2 Qc7
11. a4 Bb7 12. Nb3 dxc4 13. dxc4 Bxf3 14. Bxf3 Rad8 15. h3 Ne5 16. Qe2 h6 17. Rad1 Be7 18. Bxe5 Qxe5 19. Bc6 Rxd1 20. Rxd1 Rd8
21. Rxd8+ Bxd8 22. Qd3 Be7 23. f4 Qc7 24. Nd2 Qd6 25. Qxd6 Bxd6 26. Kf2 Kf8= 27. Kf3 g6 28. e4 e5 29. g3 exf4 30. gxf4 Nh5
31. e5 Bc7 32. Ne4 Ke7 33. Nc3 Bb8 34. Nd5+ Ke6 35. Be8 Ng7 36. Bc6 Nf5 37. Bb7 h5= 38. Bc8#
1-0

[Event "Open Pacific Ocean"]
[Site "SchemingMind.com"]
[Date "2011.09.20"]
[Round "-"]
[White "mark"]
[Black "loco61"]
[Result "0-1"]
[WhiteCountry "GBR"]
[BlackCountry "ENG"]
[WhiteElo "1589"]
[WhiteRD "101"]
[BlackElo "1660"]
[BlackRD "65"]
[GameID "293353"]

1. b4 e5 2. Bb2 d6 3. Nf3 Bf5 4. d3 Nc6 5. b5 Na5 6. Nc3 Nf6 7. e4 c6 8. exf5 Be7 9. Be2 O-O 10. O-O a6
11. a4 h6 12. h3 Qd7 13. Qd2 cxb5 14. axb5 axb5 15. d4 Nc4 16. Qc1 Nxb2 17. Qxb2 Rxa1 18. Rxa1 e4 19. Nd2 Qxf5 20. Nxb5 d5
21. Ra7 Rb8 22. g4 Qf4 23. c4 e3 24. Nf3 exf2+ 25. Kxf2 Ne4+ 26. Ke1 Qg3+ 27. Kd1 dxc4 28. Qc2 Nf2+ 29. Kc1 Nd3+ 30. Kd2 Bb4+
31. Kd1 Nf2+ 32. Kc1 Qf4+ 33. Kb2 c3+ 34. Nxc3 Rc8 35. Rxb7 Bxc3+ 36. Kb3 Ne4 37. Bc4 Qxf3 38. Bxf7+ Kh8
0-1

[Event "Open Pacific Ocean"]
[Site "SchemingMind.com"]
[Date "2011.09.20"]
[Round "-"]
[White "mark"]
[Black "Manuel Angel"]
[Result "1-0"]
[WhiteCountry "GBR"]
[BlackCountry "ESP"]
[WhiteElo "1589"]
[WhiteRD "101"]
[BlackElo "1866"]
[BlackRD "79"]
[GameID "293354"]

1. Nc3 e5 2. e3 Nf6 3. Bc4 d5 4. Bb3 c6 5. Nf3 e4 6. Nd4 c5 7. Ba4+ Bd7 8. a3 Bxa4 9. Nxa4 cxd4 10. b4 Qd7
11. Nc5 Bxc5 12. bxc5 dxe3 13. dxe3 Qb5 14. Qd4 Nbd7 15. Bd2 O-O 16. a4 Qxc5 17. O-O Rfc8 18. Rfc1 Qxd4 19. exd4 a5 20. h3 Rc4
21. c3 Ra6 22. g4 h5 23. g5 Ne8 24. Kh2 Nb6 25. Rcb1 Nd6 26. Rg1
1-0

[Event "Open Pacific Ocean"]
[Site "SchemingMind.com"]
[Date "2011.09.20"]
[Round "-"]
[White "mark"]
[Black "Aadsje"]
[Result "0-1"]
[WhiteCountry "GBR"]
[BlackCountry "NED"]
[WhiteElo "1512"]
[WhiteRD "112"]
[BlackElo "2184"]
[BlackRD "51"]
[GameID "293355"]

1. b4 Nf6 2. Bb2 e6 3. b5 a6 4. Nc3 axb5 5. Nxb5 c6 6. Nd4 d5 7. e3 e5 8. Nb3 Nbd7 9. Nf3 Bd6 10. c4 e4
11. Nfd4 O-O 12. Nf5 Be5 13. Qc2 Bxb2 14. Qxb2 dxc4 15. Bxc4 Nb6 16. Be2 Bxf5 17. Nc5 Nbd7 18. O-O Nxc5 19. Qe5 Qd5 20. Qe7 Rfe8
21. Qc7 Qxd2 22. Bc4 Be6 23. Rfd1 Qa5 24. Qxa5 Rxa5 25. Rd6 Bxc4 26. Rc1 Rxa2 27. h3 b5 28. Rxc6 Nd3 29. Rf1 Ne5 30. Rd6 Bxf1
31. Kxf1 Rc8 32. Rd1 Nd3 33. Kg1 Rcc2 34. Kh2 Rxf2 35. Rb1 Rxg2+ 36. Kh1 Nh5 37. Rg1 Ng3#
0-1

[Event "Open Pacific Ocean"]
[Site "SchemingMind.com"]
[Date "2011.09.23"]
[Round "-"]
[White "mark"]
[Black "emvarela"]
[Result "0-1"]
[WhiteCountry "GBR"]
[BlackCountry "ARG"]
[WhiteElo "1471"]
[WhiteRD "105"]
[BlackElo "1787"]
[BlackRD "47"]
[GameID "293356"]

1. d4 Nf6 2. c4 e6 3. a3 d5 4. Nf3 Nc6 5. Nc3 Be7 6. Qc2 O-O 7. Bg5 h6 8. Bh4 dxc4 9. e3 Nd5 10. Bxc4 Bxh4
11. O-O Nxc3 12. Qxc3 Bf6 13. Rfd1 Bd7
0-1

[Event "Open Pacific Ocean"]
[Site "SchemingMind.com"]
[Date "2011.09.20"]
[Round "-"]
[White "mark"]
[Black "otsenrechess"]
[Result "0-1"]
[WhiteCountry "GBR"]
[BlackCountry "HUN"]
[WhiteElo "1471"]
[WhiteRD "105"]
[BlackElo "2136"]
[BlackRD "49"]
[GameID "293357"]

1. b4 e5 2. Bb2 Bxb4 3. Bxe5 Nf6 4. c4 O-O 5. Nf3 Nc6 6. Bb2 d5 7. e3 Re8 8. Bd3 Be6 9. O-O dxc4 10. Be2 Ne4
11. Qc2 Ng5 12. Nc3 Nxf3+ 13. Bxf3 Rb8 14. Ne4 f5 15. Ng3 Qxd2 16. Qb1 c3 17. Nxf5 cxb2 18. Rd1 Qc3 19. Nxg7 Kxg7 20. Qe4 bxa1=Q
21. h3 Qe1+ 22. Rxe1 Qxe1+ 23. Kh2 Bd6+ 24. g3 Qxf2+ 25. Bg2 Bxg3+ 26. Kh1 Qe1+ 27. Bf1 Qxf1#
0-1

[Event "Open Pacific Ocean"]
[Site "SchemingMind.com"]
[Date "2011.09.19"]
[Round "-"]
[White "mark"]
[Black "assegai"]
[Result "0-1"]
[WhiteCountry "GBR"]
[BlackCountry "ENG"]
[WhiteElo "1471"]
[WhiteRD "105"]
[BlackElo "1858"]
[BlackRD "64"]
[GameID "293358"]

1. c4 b6 2. Nc3 Bb7 3. e4 e6 4. a3 c5 5. Nf3 Nf6 6. e5 Ne4 7. Qc2 Ng5 8. Be2 Nxf3+ 9. Bxf3 Bxf3 10. gxf3 Nc6
11. Qe4 g6 12. d3 Bg7 13. Bd2 Nxe5 14. Bf4 Nc6 15. Bd6 Nd4 16. O-O-O Nf5 17. Nb5 Nxd6 18. Nxd6+ Ke7 19. Qf4 f5 20. Nb5 Qb8
21. Qe3 h5 22. Rhg1 Bh6 23. Rg5 Bxg5 24. Qxg5+ Kf7 25. Rg1 Rg8 26. f4 a6 27. Nc3 Qd6 28. Kc2 Rab8 29. Qg3 b5 30. Nd1 a5
31. Ne3 b4 32. Ng2 bxa3 33. bxa3 Qd4 34. Rb1 Rxb1 35. Kxb1 Rb8+ 36. Kc2 Qb2+ 37. Kd1 Qb1+ 38. Ke2 Rb2+ 39. Ke3 Qc1+ 40. Kf3 Qd1+
41. Ke3 Qe2#
0-1

[Event "Open Pacific Ocean"]
[Site "SchemingMind.com"]
[Date "2011.09.20"]
[Round "-"]
[White "mark"]
[Black "flammablepawn"]
[Result "0-1"]
[WhiteCountry "GBR"]
[BlackCountry "USA"]
[WhiteElo "1471"]
[WhiteRD "105"]
[BlackElo "1942"]
[BlackRD "72"]
[GameID "293359"]

1. e3 e5 2. d4 exd4 3. Bc4 dxe3 4. Bxe3 Nf6 5. Nf3 d5 6. Bb3 c6 7. O-O Bd6 8. Nc3 O-O 9. Re1 Nbd7 10. Nd4 Nc5
11. h3 Re8 12. Qd2 Nxb3 13. cxb3 Bd7 14. Bf4 Qc7 15. Bxd6 Qxd6 16. Nf3 Rxe1+ 17. Rxe1 Re8 18. Qg5 h6 19. Qd2 Rxe1+ 20. Qxe1 Qe6
21. Ne5 Ne8 22. f4 f6 23. Nf3 Qxe1+ 24. Nxe1 d4 25. Ne4 b6 26. Nf3 c5 27. Kf2 Kf7 28. g4 f5 29. Ne5+ Ke7 30. Nxd7 fxe4
31. Ne5 Ke6 32. h4 Nf6 33. Kg3 Nd5 34. Nc6 a6 35. f5+ Kd6 36. Nd8 d3 37. Ne6 d2 38. Nxg7 d1=Q 39. Nh5 Qf3+ 40. Kh2 Ne3
41. Ng3 Qg2#
0-1

[Event "Open Pacific Ocean"]
[Site "SchemingMind.com"]
[Date "2011.09.21"]
[Round "-"]
[White "loco61"]
[Black "mark"]
[Result "1-0"]
[WhiteCountry "ENG"]
[BlackCountry "GBR"]
[WhiteElo "1660"]
[WhiteRD "65"]
[BlackElo "1589"]
[BlackRD "101"]
[GameID "293360"]

1. e4 c6 2. Nf3 e6 3. Bc4 d5 4. exd5 exd5 5. Bb3 Nf6 6. d3 Bg4 7. h3 Bh5 8. g4 Bg6 9. Bf4 Be7 10. Qe2 O-O
11. O-O Re8 12. Qd2 h6 13. g5 Nh5 14. gxh6 Nxf4 15. Qxf4 Nd7 16. hxg7 Bf6 17. Nbd2 Bxg7 18. Rae1 Nf6 19. Rxe8+ Nxe8 20. Kh2 Nd6
21. Ne5 Bf5 22. Rg1 Qf6 23. Nd7 Qe7 24. Nc5 Kh7 25. c3 Bh6 26. Qg3 Qf6 27. f4 Re8 28. Bd1 b6 29. Ncb3 Bg6 30. Rf1 Nf5
31. Qf3 Ne3 32. Nd4 Nxf1+ 33. Nxf1 Bxf4+ 34. Ng3 Re1 35. Kg2 Re3 36. Qf2 Rxg3+ 37. Kh1 Rxh3+ 38. Kg1
1-0

[Event "Open Pacific Ocean"]
[Site "SchemingMind.com"]
[Date "2011.09.21"]
[Round "-"]
[White "Manuel Angel"]
[Black "mark"]
[Result "0-1"]
[WhiteCountry "ESP"]
[BlackCountry "GBR"]
[WhiteElo "1866"]
[WhiteRD "79"]
[BlackElo "1589"]
[BlackRD "101"]
[GameID "293361"]

1. e4 Nc6 2. d4 d6 3. Nc3 Nf6 4. Nf3 a6 5. Be2 e5 6. O-O Bg4 7. Be3 b5 8. d5 Ne7 9. h3 Bxf3 10. Bxf3 Nc8
11. a4 b4 12. Na2 Rb8 13. Be2 Nxe4 14. Bxa6 Be7 15. Bb5+ c6 16. dxc6 O-O 17. Nxb4 h6 18. Nd5 Qa5 19. b4 Qa8 20. Nc7 Nc3
21. Qd3 Nd5 22. Qxd5 Nb6 23. Bxb6 Rxb6 24. Nxa8 Rxa8 25. c7 Rc8
0-1

[Event "Open Pacific Ocean"]
[Site "SchemingMind.com"]
[Date "2011.09.21"]
[Round "-"]
[White "Aadsje"]
[Black "mark"]
[Result "1-0"]
[WhiteCountry "NED"]
[BlackCountry "GBR"]
[WhiteElo "2106"]
[WhiteRD "55"]
[BlackElo "1540"]
[BlackRD "115"]
[GameID "293362"]

1. e4 e5 2. Nf3 Nf6 3. Nxe5 d6 4. Nf3 Nxe4 5. Qe2 Qe7 6. d3 Nc5 7. Nc3 h6 8. Be3 Nbd7 9. Nd5 Nxd3+ 10. cxd3 Qd8
11. Bg5+ Be7 12. Bxe7 Qxe7 13. Qxe7#
1-0

[Event "Open Pacific Ocean"]
[Site "SchemingMind.com"]
[Date "2011.09.23"]
[Round "-"]
[White "emvarela"]
[Black "mark"]
[Result "1-0"]
[WhiteCountry "ARG"]
[BlackCountry "GBR"]
[WhiteElo "1787"]
[WhiteRD "47"]
[BlackElo "1471"]
[BlackRD "105"]
[GameID "293363"]

1. e4 e5 2. Nf3 Nf6 3. Nxe5 Nxe4 4. Qe2 d5 5. d3 Bd6 6. Nf3 O-O 7. dxe4 Re8 8. Bg5 f6 9. Be3 dxe4 10. Nfd2 Nc6
11. a3 Bf5 12. Nc3 Be7 13. O-O-O Kh8 14. Ndxe4
1-0

[Event "Open Pacific Ocean"]
[Site "SchemingMind.com"]
[Date "2011.09.21"]
[Round "-"]
[White "otsenrechess"]
[Black "mark"]
[Result "0-1"]
[WhiteCountry "HUN"]
[BlackCountry "GBR"]
[WhiteElo "2136"]
[WhiteRD "52"]
[BlackElo "1589"]
[BlackRD "101"]
[GameID "293364"]

1. g4 e5 2. Bg2 c6 3. d3 Bc5 4. Nf3 d6 5. h3 Nf6 6. Nc3 Qb6 7. O-O Be6 8. Na4 Qa5 9. Nxc5 Qxc5 10. d4 Qb6
11. dxe5 dxe5 12. Nxe5 O-O 13. Nd3 Nbd7 14. e4 Rad8 15. Be3 Qc7 16. Bf4 Qb6 17. g5 Ne8 18. Qf3 Bc4 19. Rfd1 Bxd3 20. Rxd3 Qxb2
21. Qd1 Qb4 22. Rxd7 Rxd7 23. Qxd7 Qb2 24. Rc1 Qxa2 25. Qxb7 Qe6 26. Qb3 Qd7 27. Ra1 Nc7 28. Qb7 f6 29. Qxc7 Qxc7 30. Bxc7 fxg5
31. Rxa7 h6 32. e5 Re8 33. Bxc6 Re7
0-1

[Event "Open Pacific Ocean"]
[Site "SchemingMind.com"]
[Date "2011.09.19"]
[Round "-"]
[White "assegai"]
[Black "mark"]
[Result "1-0"]
[WhiteCountry "ENG"]
[BlackCountry "GBR"]
[WhiteElo "1790"]
[WhiteRD "65"]
[BlackElo "1512"]
[BlackRD "112"]
[GameID "293365"]

1. e4 c5 2. Nf3 e6 3. d4 d5 4. exd5 cxd4 5. dxe6 Bxe6 6. Nxd4 Bc5 7. c3 Nf6 8. Bb5+ Bd7 9. Qe2+ Qe7 10. Qxe7+ Bxe7
11. O-O O-O 12. Bg5 Nd5 13. Bxe7 Nxe7 14. Bxd7 Nxd7 15. Re1 Rfe8 16. Nd2 Nc5 17. Nc4 Rad8 18. Nb5 Nd3 19. Re2 Rc8 20. Ncd6 a6
21. Nxe8 Rxe8 22. Nc7 Nf4 23. Re4 Kf8 24. Nxe8 Kxe8 25. Rxf4 f6 26. Re1 Kf7 27. Rb4 b5 28. c4 Nc6 29. Rxb5 Ne5 30. Rbxe5 fxe5
31. Rxe5 Kf6 32. Re2 g6 33. c5 g5 34. c6
1-0

[Event "Open Pacific Ocean"]
[Site "SchemingMind.com"]
[Date "2011.09.21"]
[Round "-"]
[White "flammablepawn"]
[Black "mark"]
[Result "1-0"]
[WhiteCountry "USA"]
[BlackCountry "GBR"]
[WhiteElo "1933"]
[WhiteRD "66"]
[BlackElo "1512"]
[BlackRD "112"]
[GameID "293366"]

1. b4 e5 2. Bb2 c6 3. Bxe5 d6 4. Bb2 Na6 5. a3 Be7 6. Bxg7 Qb6 7. Bxh8 d5 8. Bb2 Be6 9. Nf3 Nh6 10. e3 Nf5
11. Bxa6 bxa6 12. Nd4 Nxd4 13. Bxd4 Qc7 14. Nc3 O-O-O 15. Na4 Rg8 16. g3 Bg4 17. f3 Bd7 18. Qe2 Be6 19. Qxa6+ Kd7 20. Nc5+ Bxc5
21. Bxc5 Ra8 22. b5 cxb5 23. Qxb5+ Kc8 24. Qe8+ Kb7 25. Rb1+ Ka6 26. Qa4+ Qa5 27. Qc6+ Qb6 28. Bxb6 axb6 29. Qxb6#
1-0

[Event "Open Pacific Ocean"]
[Site "SchemingMind.com"]
[Date "2011.09.20"]
[Round "-"]
[White "Yellow"]
[Black "loco61"]
[Result "1-0"]
[WhiteCountry "INT"]
[BlackCountry "ENG"]
[WhiteElo "2329"]
[WhiteRD "66"]
[BlackElo "1700"]
[BlackRD "73"]
[GameID "293422"]

1. Nf3 c5 2. e4 Nc6 3. d4 cxd4 4. Nxd4 Nxd4 5. Qxd4 e6 6. Nc3 a6 7. Bf4 Nf6 8. e5 Nh5 9. Be3 g6 10. g4 Ng7
11. Ne4 Be7 12. Nf6+ Kf8 13. Bh6 Rg8 14. Nxh7+ Ke8 15. Nf6+ Kf8 16. Nxg8 Kxg8 17. h4 g5 18. Bxg5 Bxg5 19. hxg5 Qxg5 20. f4 Qxg4
21. Qf2 b5 22. Be2 Qf5 23. Qh4 Kf8 24. Qd8+ Ne8 25. Rh8+ Kg7 26. Qh4
1-0

[Event "Open Pacific Ocean"]
[Site "SchemingMind.com"]
[Date "2011.09.21"]
[Round "-"]
[White "Yellow"]
[Black "mark"]
[Result "1-0"]
[WhiteCountry "INT"]
[BlackCountry "GBR"]
[WhiteElo "2340"]
[WhiteRD "63"]
[BlackElo "1512"]
[BlackRD "112"]
[GameID "293423"]

1. Nf3 d6 2. d4 Nf6 3. c4 Bg4 4. Nc3 Nc6 5. d5 Nb4 6. Qa4+ Nd7 7. Qxb4 b6 8. Qa4 g6 9. Ng1 Bg7 10. f3 Bf5
11. e4 Bxc3+ 12. bxc3 Bxe4 13. fxe4 c6 14. Nf3 O-O 15. Be2 cxd5 16. cxd5 Nf6 17. Bb5 Qc8 18. Bc6 Rb8 19. Qxa7 Nxe4 20. Bh6 Nxc3
21. Bxf8 Kxf8 22. O-O Kg7 23. Ng5 Ne2+ 24. Kh1 Qf8 25. Rxf7+ Qxf7 26. Nxf7 Rf8 27. Ng5 Rf2 28. Qxe7+ Kh6 29. Ne6 Nc3 30. Qh4#
1-0

[Event "Open Pacific Ocean"]
[Site "SchemingMind.com"]
[Date "2011.09.20"]
[Round "-"]
[White "Yellow"]
[Black "Manuel Angel"]
[Result "1-0"]
[WhiteCountry "INT"]
[BlackCountry "ESP"]
[WhiteElo "2340"]
[WhiteRD "63"]
[BlackElo "2017"]
[BlackRD "82"]
[GameID "293424"]

1. Nf3 Nf6 2. b3 Nc6 3. Bb2 g6 4. d4 d5 5. e3 Bg7 6. c4 O-O 7. Be2 Bf5 8. Nc3 a6 9. O-O dxc4 10. bxc4 Qd6
11. Qb3 b6 12. Ba3 Na5 13. Bxd6 Nxb3 14. Bxe7 Nxa1 15. Bxf8 Bxf8 16. Rxa1 Ba3 17. Rd1 Bb4 18. Nb1 Kg7 19. h3
1-0

[Event "Open Pacific Ocean"]
[Site "SchemingMind.com"]
[Date "2011.09.21"]
[Round "-"]
[White "Yellow"]
[Black "Aadsje"]
[Result "1/2-1/2"]
[WhiteCountry "INT"]
[BlackCountry "NED"]
[WhiteElo "2340"]
[WhiteRD "63"]
[BlackElo "2184"]
[BlackRD "51"]
[GameID "293425"]

1. Nf3 c5 2. e4 Nc6 3. Nc3 e6 4. d4 cxd4 5. Nxd4 Qc7 6. Be2 a6 7. O-O Nf6 8. Be3 Be7 9. f4 d6 10. Kh1 O-O
11. a4 Re8 12. Bf3 Bf8 13. Bf2 Bd7 14. Nb3 Nb4 15. a5 Rac8 16. Bb6 Qb8 17. Nc1 Bc6 18. N1e2 d5 19. e5 Nd7= 20. Be3 Nc5
21. Nd4 Bd7 22. Nce2 Nc6 23. c3 Nxd4 24. Nxd4 b5 25. axb6 Qxb6 26. b4 Ne4 27. Bxe4 dxe4 28. Qd2 Red8 29. Rfc1 Bb5 30. Qf2 Bd3
31. Nb3 Qb5 32. Bb6 Rd5 33. Bd4 h6 34. Qe3 Rdd8 35. Ra5 Qc4 36. Ra3 Rd7 37. h3 Qd5 38. Nc5 Bxc5 39. Bxc5 Bb5 40. Re1 Qd2=
41. Bd4 Qb2 42. Rea1 Qc2 43. Kg1 Rcd8 44. Qc1 Qd3 45. Qe1 Kh7 46. Rd1 Qe2 47. Qxe2 Bxe2=
1/2-1/2

[Event "Open Pacific Ocean"]
[Site "SchemingMind.com"]
[Date "2011.09.21"]
[Round "-"]
[White "Yellow"]
[Black "otsenrechess"]
[Result "1-0"]
[WhiteCountry "INT"]
[BlackCountry "HUN"]
[WhiteElo "2351"]
[WhiteRD "62"]
[BlackElo "2136"]
[BlackRD "49"]
[GameID "293427"]

1. Nf3 Nf6 2. d4 e6 3. c4 b6 4. g3 Ba6 5. Qa4 Bb7 6. Bg2 c5 7. dxc5 Bxc5 8. O-O O-O 9. Nc3 Be7 10. Bf4 Na6
11. Rfd1 Nc5 12. Qc2 Qc8 13. Rac1 Nce4 14. Nd4 Nxc3 15. Qxc3 Bxg2 16. Kxg2 Qb7+ 17. Qf3 Ne4 18. Nb5 Qc6 19. Bd6 Nxd6 20. Qxc6 dxc6
21. Nxd6 Rad8 22. Nb7 Rxd1 23. Rxd1 Rc8 24. e4 f6 25. f4 e5 26. Kf3 Kf8 27. h4 exf4 28. gxf4 g6 29. f5 Rc7 30. Nd8 Ke8
31. Ne6 Rd7 32. Rxd7 Kxd7 33. Nf4 gxf5 34. exf5 Bd6 35. Ne6
1-0

[Event "Open Pacific Ocean"]
[Site "SchemingMind.com"]
[Date "2011.09.20"]
[Round "-"]
[White "Yellow"]
[Black "assegai"]
[Result "1-0"]
[WhiteCountry "INT"]
[BlackCountry "ENG"]
[WhiteElo "2329"]
[WhiteRD "66"]
[BlackElo "1731"]
[BlackRD "66"]
[GameID "293428"]

1. Nf3 d5 2. g3 Nf6 3. Bg2 c6 4. d4 Bf5 5. c4 e6 6. Nc3 Nbd7 7. cxd5 cxd5 8. Nh4 Bg6 9. O-O Bb4 10. Qb3 a5
11. Nxg6 hxg6 12. Nb5 O-O 13. Bf4 Qb6 14. a4 Be7 15. Bc7 Qa6 16. Rac1 Rac8 17. Rc2 Ne8 18. Rfc1 Nxc7 19. Rxc7 Nb6 20. e4 Bb4
21. exd5 exd5 22. Bxd5 Rxc7 23. Rxc7 Nxd5 24. Qxd5 b6 25. Kg2 Qa8 26. Qxa8 Rxa8 27. Na7 Bd6 28. Rd7 Bf8 29. Rb7 f6 30. Nc6
1-0

[Event "Open Pacific Ocean"]
[Site "SchemingMind.com"]
[Date "2011.09.21"]
[Round "-"]
[White "Yellow"]
[Black "flammablepawn"]
[Result "1-0"]
[WhiteCountry "INT"]
[BlackCountry "USA"]
[WhiteElo "2340"]
[WhiteRD "63"]
[BlackElo "1933"]
[BlackRD "66"]
[GameID "293429"]

1. Nf3 d5 2. d4 Nf6 3. c4 e6 4. e3 c6 5. Nc3 Be7 6. Bd3 Nbd7 7. O-O O-O 8. b3 Qc7 9. Qc2 Bd6 10. Bb2 dxc4
11. bxc4 b6 12. a4 e5 13. a5 Bb7 14. Ne4 Nxe4 15. Bxe4 h6 16. a6 Bc8 17. Qa4 Nb8 18. c5 Be7 19. cxb6 axb6 20. a7 Nd7
21. Bxc6
1-0

[Event "Open Pacific Ocean"]
[Site "SchemingMind.com"]
[Date "2011.09.20"]
[Round "-"]
[White "loco61"]
[Black "Yellow"]
[Result "0-1"]
[WhiteCountry "ENG"]
[BlackCountry "INT"]
[WhiteElo "1700"]
[WhiteRD "73"]
[BlackElo "2329"]
[BlackRD "66"]
[GameID "293430"]

1. e4 e5 2. Nf3 Nc6 3. Bc4 Nf6 4. Nc3 Bc5 5. Ng5 O-O 6. d3 Nd4 7. Be3 c6 8. Ne2 d5 9. Nxd4 exd4 10. exd5 dxe3
11. fxe3 Bxe3 12. Qf3 Bxg5
0-1

[Event "Open Pacific Ocean"]
[Site "SchemingMind.com"]
[Date "2011.09.22"]
[Round "-"]
[White "mark"]
[Black "Yellow"]
[Result "0-1"]
[WhiteCountry "GBR"]
[BlackCountry "INT"]
[WhiteElo "1512"]
[WhiteRD "112"]
[BlackElo "2340"]
[BlackRD "63"]
[GameID "293431"]

1. Nf3 c5 2. d4 e6 3. e3 d5 4. Bd2 Nf6 5. Bb5+ Bd7 6. Qe2 a6 7. Bxd7+ Nbxd7 8. Nc3 Bd6 9. O-O O-O 10. Rfe1 Ne4
11. Nd1 Qc7 12. c4 dxc4 13. Nc3 Nxd2 14. Nxd2 cxd4 15. exd4 Bxh2+ 16. Kf1 Bf4 17. Qxc4 Qxc4+ 18. Re2 Bxd2 19. Ne4 Ba5 20. Nd6 Qc7
21. Ne4 Qh2 22. Ng3 f5 23. f4 Qxg3 24. Rf2 Nf6 25. Re1 Ng4 26. Ree2 Rfc8 27. Kg1 Qh2+ 28. Kf1 Qh1#
0-1

[Event "Open Pacific Ocean"]
[Site "SchemingMind.com"]
[Date "2011.09.20"]
[Round "-"]
[White "Manuel Angel"]
[Black "Yellow"]
[Result "0-1"]
[WhiteCountry "ESP"]
[BlackCountry "INT"]
[WhiteElo "1957"]
[WhiteRD "77"]
[BlackElo "2351"]
[BlackRD "62"]
[GameID "293432"]

1. d4 d5 2. c4 c6 3. Nc3 e6 4. Nf3 Nf6 5. e3 Nbd7 6. Bd3 dxc4 7. Bxc4 b5 8. Bd3 Bb7 9. e4 b4 10. Na4 c5
11. e5 Nd5 12. Nxc5 Nxc5 13. dxc5 Bxc5 14. Bb5+ Kf8 15. O-O h5 16. Qe2 h4 17. h3 Qb6 18. Bd3 a5 19. Bd2 a4 20. Rac1 Be7
21. Rc4 Ba6 22. Rg4 Bxd3 23. Qxd3 Qa6 24. Qb1 Kg8
0-1